La educación superior en la República Dominicana / (Registro nro. 8002)

Detalles MARC
000 -LEADER
fixed length control field 01045nam a2200301 a 4500
001 - CONTROL NUMBER
control field 000007107
003 - CONTROL NUMBER IDENTIFIER
control field DO-SdBNP
005 - DATE AND TIME OF LATEST TRANSACTION
control field 20170925094621.0
007 - PHYSICAL DESCRIPTION FIXED FIELD--GENERAL INFORMATION
fixed length control field 000007107
008 - FIXED-LENGTH DATA ELEMENTS--GENERAL INFORMATION
fixed length control field 090904s1989 dr 001 0 spa d
040 ## - CATALOGING SOURCE
Original cataloging agency BPMSU
Language of cataloging spa
Transcribing agency BPMSU
082 #4 - DEWEY DECIMAL CLASSIFICATION NUMBER
Classification number 378.7293
Item number R788e
100 1# - MAIN ENTRY--PERSONAL NAME
Personal name Rosa, Jesús de la
245 13 - TITLE STATEMENT
Title La educación superior en la República Dominicana /
Statement of responsibility, etc. Jesús de la Rosa.
260 0# - PUBLICATION, DISTRIBUTION, ETC. (IMPRINT)
Place of publication, distribution, etc. Santo Domingo, :
Name of publisher, distributor, etc. Universitaria UASD,
Date of publication, distribution, etc. 1989.
300 ## - PHYSICAL DESCRIPTION
Extent 94 p. ;
Dimensions 21 cm.
490 1# - SERIES STATEMENT
Series statement Publicaciones de la Universidad Autónoma de Santo Domingo
Volume/sequential designation 611
490 1# - SERIES STATEMENT
Series statement Educación y sociedad
Volume/sequential designation 36
650 #4 - SUBJECT ADDED ENTRY--TOPICAL TERM
Topical term or geographic name as entry element EDUCACIÓN SUPERIOR
Geographic subdivision REPÚBLICA DOMINICANA
650 #4 - SUBJECT ADDED ENTRY--TOPICAL TERM
Topical term or geographic name as entry element UNIVERSIDADES
Geographic subdivision REPÚBLICA DOMINICANA
830 #0 - SERIES ADDED ENTRY--UNIFORM TITLE
Uniform title Publicaciones de la Universidad Autónoma de Santo Domingo
Language of a work 611
830 #0 - SERIES ADDED ENTRY--UNIFORM TITLE
Uniform title Educación y sociedad
830 #0 - SERIES ADDED ENTRY--UNIFORM TITLE
Uniform title Educación y sociedad
Language of a work 36
910 ## - USER-OPTION DATA (OCLC)
User-option data Validado. Control de calidad MFF
942 ## - ADDED ENTRY ELEMENTS (KOHA)
Source of classification or shelving scheme Dewey Decimal Classification
Koha item type Libros
945 ## - LOCAL PROCESSING INFORMATION (OCLC)
a Inventariado / 2017 VM
956 ## - LOCAL ELECTRONIC LOCATION AND ACCESS (OCLC)
Host name VMATEO
Access number 10
Compression information 20150723
Logon BPMSU
Processor of request 00151
Existencias
Withdrawn status Lost status Source of classification or shelving scheme Damaged status Not for loan Collection code Home library Current library Date acquired Total Checkouts Full call number Barcode Date last seen Price effective from Koha item type
    Dewey Decimal Classification     Colección Dominicana Biblioteca Pública Metropolitana Salomé Ureña Biblioteca Pública Metropolitana Salomé Ureña 07/23/2015   378.7293 R788e BPMSU15070345 07/23/2015 07/23/2015 Libros